Ensayo de filología : breve vocabulario español-guaraní con las relaciones etimológicas del idioma americano
Guardado en:
| Autor Principal: | |
|---|---|
| Formato: | Libro |
| Publicado: |
Buenos Aires :
Coni,
1944
|
| Edición: | 2a. ed. |
| Materias: | |
| Etiquetas: |
Agregar Etiqueta
Sin Etiquetas, Sea el primero en etiquetar este registro!
|
| LEADER | 00797nam a22002535a 4500 | ||
|---|---|---|---|
| 001 | EHU.bham039902 | ||
| 003 | AR-BHAM | ||
| 005 | 20090331202106.0 | ||
| 008 | 130507s1944##################000#0#####d | ||
| 082 | C | 4 | |a 498.3 |
| 100 | 1 | |a Solari, Benjamín T. | |
| 245 | 1 | 0 | |a Ensayo de filología : |b breve vocabulario español-guaraní con las relaciones etimológicas del idioma americano |
| 250 | |a 2a. ed. | ||
| 260 | |a Buenos Aires : |b Coni, |c 1944 | ||
| 300 | |a 189 p. | ||
| 500 | |a Con una noticia biográfica del autor por Juan Antonio Villoldo | ||
| 653 | |a Guaraní | ||
| 653 | |a Filología | ||
| 653 | |a Lenguas indígenas | ||
| 653 | |a Indígenas argentinos | ||
| 653 | |a Vocabularios | ||
| 653 | |a Guaraníes | ||
| 653 | |a Guaraní-diccionarios-español | ||
| 859 | |a AR-BHAM |h 498.3 |i So42 |k C |p 478.60 |t Ej.1 | ||
